Gestión ambiental sistemática : (Registro nro. 4278)

Detalles MARC
000 -CABECERA
Campo de control 00887cam a22002294a 4500
005 - FECHA Y HORA DE LA ULTIMA TRANSACCION
Campo de control 20160122145558.0
008 - ELEMENTOS DE LONGITUD FIJA—INFORMACION GENERAL
Campo de control 020418s2001 ck a b 000 0 spa
020 ## - ISBN
ISBN 9583327441
040 ## - FUENTE DE CATALOGACIÓN
Agencia catalogadora original DLC
Agencia transcriptora DLC
Agencia Modificadora CO-BoIAVH
041 ## - IDIOMA
Código de idioma para texto/pista de sonido o título separado Español
042 ## - AUTHENTICATION CODE
Authentication code pcc
082 00 - NUMERO DE CLASIFICACION DECIMAL DEWEY
Número de clasificación 363.7/009861
Número del ítem V42g
100 1# - ASIENTO PRINCIPAL--NOMBRE PERSONAL
Nombre personal Vega Mora, Leonel,
Fechas asociadas con el nombre 1956-
9 (RLIN) 53811
245 10 - MENCION DE TITULO
Título Gestión ambiental sistemática :
Parte restante del título un nuevo enfoque funcional y organizacional para el fortalecimiento de la gestión ambiental publica empresarial y ciudadana en el ámbito estatal /
Mención de responsabilidad Leonel Vega Mora.
250 ## - MENCION DE EDICION
Mención de edición 1. ed.
260 ## - PUBLICACION, DISTRIBUCION, ETC. (PIE DE IMPRENTA)
Lugar de publicación, distribución, etc. [Bogota] :
Nombre del editor, distribuidor, etc. Leonel Vega Mora,
Fecha de publicación, distribución, etc. 2001.
300 ## - DESCRIPCION FISICA
Extensión xxvi, 280 paginas. :
Otros detalles físicos ilustraciones. ;
Dimensiones 24 cm.
504 ## - NOTA DE BIBLIOGRAFIA, ETC.
Nota de bibliografía Includes bibliographical references (p. [263]-274).
650 #0 - ASIENTO SECUNDARIO DE MATERIA - TERMINO TEMATICO
Término temático o nombre geográfico como elemento de entrada Environmental management
Subdivisión geográfica Colombia.
9 (RLIN) 53812
650 #0 - ASIENTO SECUNDARIO DE MATERIA - TERMINO TEMATICO
Término temático o nombre geográfico como elemento de entrada Gestión ambiental
Subdivisión cronológica Colombia
9 (RLIN) 53813
942 ## - ELEMENTOS ADICIONALES (KOHA)
Sistema de clasificación Dewey Decimal Classification
Tipo de ítem Libro
Existencias
Withdrawn status Lost status Sistema de Clasificación Damaged status No para préstamo Colección Inventariado Ubicación Permanente Ubicación actual Fecha de adquisición Fuente de Valor Valor Total Checkouts Número topográfico Inventario / Código de Barras Date last seen Ejemplar Price effective from Forma de adquisición Tipo de material
    Dewey Decimal Classification     General Inventariado 2017 Bogotá Bogotá 19/01/2005 Instituto 39000.00   LB-363.7/009861 V42g 017058 04/12/2012 Ej. 1 04/12/2012   Libro
    Dewey Decimal Classification     General Inventariado 2017 Sala Fabio Quevedo Sala Fabio Quevedo 28/09/2006 Instituto 39000.00   LB-363.7/009861 V42g 023340 04/12/2012 Ej. 2 04/12/2012 Donación Libro